[Event "POR-ch Amateur U2000"]
[Site "Vila Nova de Gaia"]
[Date "2017.09.23"]
[Round "4"]
[White "Vale, Paulo Alfonso da Co"]
[Black "Duarte, Duarte Nuno Nog"]
[Result "1/2-1/2"]
[WhiteElo "1727"]
[BlackElo "1917"]
[PlyCount "111"]
[EventDate "2017.09.20"]
[EventType "swiss"]
[EventRounds "4"]
[EventCountry "POR"]
[SourceTitle "EXT 2019"]
[Source "ChessBase"]
[SourceDate "2018.10.10"]
[SourceVersion "1"]
[SourceVersionDate "2018.10.10"]
[SourceQuality "1"]

1. c4 Nf6 2. Nc3 g6 3. g3 Bg7 4. Bg2 0-0 5. e4 c5 6. Nge2 Nc6 7. 0-0 d6 8. h3 Ne8 9. d3 Nc7 10. Be3 Ne6 11. Qd2 Ned4 12. Bh6 Bxh3 13. Bxg7 Kxg7 14. f4 Bxg2 15. Kxg2 f5 16. Rh1 h5 17. exf5 Nxf5 18. Ne4 Qd7 19. N2c3 Ncd4 20. Ng5 Nxg3 21. Rh3 Ngf5 22. Rg1 Nh6 23. Nd5 Rae8 24. Kh1 Ng4 25. Rf1 e6 26. Ne3 e5 27. Nxg4 Qxg4 28. Rg1 Qe2 29. Qa5 Re7 30. fxe5 Qxe5 31. Rxh5 Rh8 32. Rxh8 Kxh8 33. Qd8+ Kg7 34. a3 Nf5 35. Ne4 Ne3 36. Qxd6 Qh5+ 37. Qh2 Qf3+ 38. Rg2 Qxg2+ 39. Qxg2 Nxg2 40. Kxg2 b6 41. Kf3 a5 42. Ke3 Kf7 43. d4 cxd4+ 44. Kxd4 Rxe4+ 45. Kxe4 a4 46. c5 bxc5 47. Kd5 g5 48. Kxc5 g4 49. Kd4 Ke6 50. Ke4 Kd6 51. Kf4 Kc5 52. Kxg4 Kc4 53. Kf3 Kb3 54. Ke3 Kxb2 55. Kd3 Kxa3 56. Kc3 1/2-1/2

[Event "POR-ch Amateur U2000"]
[Site "Vila Nova de Gaia"]
[Date "2017.09.21"]
[Round "2"]
[White "Pipiras, Filipa Fortuna"]
[Black "Vale, Paulo Alfonso da Co"]
[Result "0-1"]
[WhiteElo "1657"]
[BlackElo "1727"]
[PlyCount "114"]
[EventDate "2017.09.20"]
[EventType "swiss"]
[EventRounds "4"]
[EventCountry "POR"]
[SourceTitle "EXT 2019"]
[Source "ChessBase"]
[SourceDate "2018.10.10"]
[SourceVersion "1"]
[SourceVersionDate "2018.10.10"]
[SourceQuality "1"]

1. d4 Nf6 2. c4 g6 3. Nc3 Bg7 4. Nf3 0-0 5. Bg5 d6 6. e3 Bg4 7. h3 Bxf3 8. Qxf3 Nbd7 9. Bd3 e5 10. 0-0 c6 11. Rfd1 Qa5 12. Rab1 e4 13. Nxe4 Nxe4 14. Be7 Rfe8 15. Qxe4 Bf6 16. Qg4 Rxe7 17. f4 Qc7 18. Re1 Rae8 19. Kf2 a6 20. Qf3 Bg7 21. g4 Nf6 22. Kg2 d5 23. Rbc1 Qd6 24. c5 Qd8 25. g5 Ne4 26. h4 f6 27. Re2 Rf8 28. Bxe4 Rxe4 29. Rh1 Qe7 30. a4 fxg5 31. hxg5 Rfxf4 32. exf4 Rxe2+ 33. Kf1 Re1+ 34. Kg2 Rxh1 35. Kxh1 Qe4 36. Qxe4 dxe4 37. d5 cxd5 38. b4 Bd4 39. Kg2 Kf7 40. Kf1 a5 41. bxa5 Bxc5 42. Ke2 d4 43. Kd2 Bb4+ 44. Ke2 Ke6 45. Kd1 Kf5 46. Ke2 Kxf4 47. Kd1 d3 48. a6 bxa6 49. a5 e3 50. Kc1 e2 51. Kb2 e1Q 52. Ka2 Qd2+ 53. Kb3 Qc2+ 54. Kxb4 d2 55. Ka3 d1Q 56. Kb4 Qdb1+ 57. Ka3 Qcb3# 0-1

[Event "Guimaraes op"]
[Site "Guimaraes"]
[Date "2017.09.02"]
[Round "2"]
[White "Silva, David Miguel Da"]
[Black "Vale, Paulo Alfonso da Co"]
[Result "1-0"]
[WhiteElo "2245"]
[BlackElo "1727"]
[PlyCount "97"]
[EventDate "2017.09.02"]
[EventType "swiss"]
[EventRounds "7"]
[EventCountry "POR"]
[SourceTitle "CBM 180 Extra"]
[Source "ChessBase"]
[SourceDate "2017.10.06"]
[SourceVersion "1"]
[SourceVersionDate "2017.10.06"]
[SourceQuality "1"]

1. e4 c5 2. Nf3 Nc6 3. Bb5 g6 4. 0-0 Bg7 5. c3 d6 6. Re1 Bd7 7. h3 e6 8. d4 cxd4 9. cxd4 Nge7 10. Bf4 d5 11. exd5 Nxd5 12. Bd6 Nce7 13. Bxd7+ Qxd7 14. Be5 0-0 15. Nbd2 Rac8 16. Ne4 b6 17. Qd2 Rfd8 18. Bxg7 Kxg7 19. Ne5 Qb7 20. a4 Nc6 21. Ng4 Qe7 22. Qh6+ Kg8 23. Ng5 Nf6 24. a5 b5 25. d5 Rxd5 26. Rac1 a6 27. Rc3 Rxg5 28. Qxg5 Nxg4 29. Qxg4 b4 30. Rc4 Kg7 31. Qe4 Na7 32. Rxc8 Nxc8 33. Qc4 Qb7 34. Rc1 Ne7 35. Qd4+ f6 36. Qb6 Qd5 37. Qxa6 Nf5 38. Qa7+ Kh6 39. Qc5 Qd2 40. a6 Nd4 41. Ra1 Qxb2 42. Qf8+ Kg5 43. Qc5+ e5 44. Rf1 Ne2+ 45. Kh1 Qa3 46. a7 Nf4 47. Kh2 Ne6 48. Qc1+ Qxc1 49. Rxc1 1-0

[Event "Famalicao op 5th"]
[Site "Famalicao"]
[Date "2017.08.05"]
[Round "9"]
[White "Carvalho, Vitor Manuel Moreir"]
[Black "Vale, Paulo Alfonso da Co"]
[Result "1/2-1/2"]
[WhiteElo "1461"]
[BlackElo "1775"]
[PlyCount "78"]
[EventDate "2017.07.29"]
[EventType "swiss"]
[EventRounds "9"]
[EventCountry "POR"]
[SourceTitle "EXT 2018"]
[Source "ChessBase"]
[SourceDate "2017.10.13"]
[SourceVersion "1"]
[SourceVersionDate "2017.10.13"]
[SourceQuality "1"]

1. Nf3 Nf6 2. g3 g6 3. Bg2 d5 4. 0-0 Bg7 5. d4 0-0 6. b3 Nbd7 7. Bb2 Rb8 8. a4 a5 9. Nc3 c6 10. Re1 Re8 11. e4 Nxe4 12. Nxe4 dxe4 13. Ng5 Nc5 14. Nxe4 Ne6 15. c3 f5 16. Nd2 f4 17. Nf3 fxg3 18. hxg3 Nf8 19. Ne5 e6 20. Qf3 Nd7 21. Ba3 Nxe5 22. dxe5 b5 23. Bd6 Rb6 24. Bc5 Ra6 25. Bf1 Bd7 26. Rad1 Qc7 27. Qd3 Bc8 28. axb5 cxb5 29. Qxb5 Rc6 30. Bd6 Qb6 31. Qa4 Ba6 32. Bxa6 Qxa6 33. c4 Ra8 34. Ra1 Rxd6 35. exd6 Bxa1 36. Rxe6 Bd4 37. Re8+ Rxe8 38. Qxe8+ Kg7 39. Qe7+ Kg8 1/2-1/2

[Event "Famalicao op 5th"]
[Site "Famalicao"]
[Date "2017.08.01"]
[Round "5"]
[White "Bastos, Joao Pedro Barroso"]
[Black "Vale, Paulo Alfonso da Co"]
[Result "1/2-1/2"]
[WhiteElo "1459"]
[BlackElo "1775"]
[PlyCount "59"]
[EventDate "2017.07.29"]
[EventType "swiss"]
[EventRounds "9"]
[EventCountry "POR"]
[SourceTitle "EXT 2018"]
[Source "ChessBase"]
[SourceDate "2017.10.13"]
[SourceVersion "1"]
[SourceVersionDate "2017.10.13"]
[SourceQuality "1"]

1. d4 Nf6 2. c4 g6 3. Nc3 Bg7 4. Nf3 d6 5. h3 0-0 6. Bg5 Nbd7 7. e3 c6 8. Bd3 Qa5 9. 0-0 Re8 10. a3 e5 11. b4 Qc7 12. Qc2 a6 13. Nd2 Nf8 14. Nde4 Nxe4 15. Nxe4 exd4 16. exd4 Bxd4 17. Nf6+ Bxf6 18. Bxf6 Nd7 19. Bd4 Ne5 20. Rfe1 Be6 21. Re2 f6 22. Rae1 Qf7 23. f4 Nxd3 24. Qxd3 h5 25. Bf2 d5 26. Rxe6 Rxe6 27. Rxe6 Qxe6 28. Qxg6+ Kh8 29. Qh6+ Kg8 30. Qg6+ 1/2-1/2

[Event "FICGS W-ch st1 g11 email"]
[Site "FICGS email"]
[Date "2011.04.01"]
[Round "1"]
[White "Kokoryukin, Sergey"]
[Black "Vale, Paulo Alfonso da Co"]
[Result "1-0"]
[WhiteElo "2093"]
[BlackElo "1910"]
[PlyCount "93"]
[EventDate "2011.??.??"]
[EventType "tourn (corr)"]
[EventRounds "7"]
[SourceTitle "Corr 2013"]
[Source "ChessBase"]
[SourceDate "2012.11.12"]
[SourceVersion "1"]
[SourceVersionDate "2012.11.12"]
[SourceQuality "1"]

1. d4 g5 2. Bxg5 c5 3. e3 Bg7 4. c3 Nf6 5. Nd2 d5 6. Ngf3 cxd4 7. exd4 Bf5 8. Qb3 0-0 9. Qxb7 Nbd7 10. Bf4 e5 11. dxe5 Nc5 12. Qb4 Nfd7 13. Be3 Rb8 14. Qf4 Bc2 15. Nb3 Qc8 16. Qg4 Nxb3 17. axb3 Rxb3 18. e6 fxe6 19. Qxe6+ Kh8 20. Ba6 Qd8 21. 0-0 Rxb2 22. Be2 Bf5 23. Qxd5 Nb6 24. Qxd8 Rxd8 25. Rxa7 Bxc3 26. Ng5 Rd7 27. Rxd7 Nxd7 28. Bf3 Rb4 29. Rc1 Bd4 30. Bxd4+ Rxd4 31. Re1 h6 32. Ne6 Rd6 33. Nf4 Nf6 34. h3 Kg8 35. g4 Rd4 36. Ne2 Rd3 37. Kg2 Bd7 38. Ra1 Rd6 39. Nf4 Be8 40. h4 Bf7 41. Kg3 Kf8 42. g5 hxg5 43. hxg5 Nd7 44. Rd1 Rxd1 45. Bxd1 Ne5 46. Bh5 Kg7 47. Bxf7 1-0

[Event "FICGS class B 000125 email"]
[Site "FICGS email"]
[Date "2010.09.20"]
[Round "1"]
[White "Vale, Paulo Alfonso da Co"]
[Black "Germanes, Ramil"]
[Result "0-1"]
[WhiteElo "1800"]
[BlackElo "1980"]
[PlyCount "104"]
[EventDate "2010.??.??"]
[EventType "tourn (corr)"]
[EventRounds "6"]
[SourceTitle "Corr 2013"]
[Source "ChessBase"]
[SourceDate "2012.11.12"]
[SourceVersion "1"]
[SourceVersionDate "2012.11.12"]
[SourceQuality "1"]

1. Nh3 d5 2. g3 e5 3. f4 Bxh3 4. Bxh3 exf4 5. 0-0 fxg3 6. e4 gxh2+ 7. Kh1 dxe4 8. Nc3 Nf6 9. d3 Nc6 10. Qe2 Nd4 11. Qg2 exd3 12. Bh6 gxh6 13. Rae1+ Be7 14. Qg7 Rf8 15. Qxf6 dxc2 16. Rxe7+ Qxe7 17. Qxd4 f5 18. Qd2 Qd6 19. Qe3+ Kd8 20. Bg2 c6 21. Qf2 Kc7 22. Qxc2 Qe5 23. Nd5+ Kd7 24. Qa4 Rad8 25. Nf4 Kc8 26. Qxa7 Rf6 27. a4 Rd4 28. Qa8+ Kc7 29. Qh8 Qe7 30. Nh5 Rfd6 31. Ng7 Rd8 32. Nxf5 Rxh8 33. Nxe7 Re8 34. Nf5 Rd2 35. b3 Ree2 36. Bh3 Rf2 37. Ne3 Rde2 38. Bf5 Rxf1+ 39. Nxf1 Kd6 40. Bd3 Rb2 41. Bc4 Kc5 42. Ne3 b5 43. axb5 cxb5 44. Bg8 Rf2 45. Bxh7 Kd4 46. Ng4 Rf3 47. b4 Rf8 48. Kxh2 h5 49. Nh6 Kc3 50. Nf5 Kxb4 51. Nd4 Kc4 52. Nxb5 Kxb5 0-1

[Event "FICGS class C 000155 email"]
[Site "FICGS email"]
[Date "2010.08.22"]
[Round "1"]
[White "Nellutla, Manobhiram"]
[Black "Vale, Paulo Alfonso da Co"]
[Result "0-1"]
[WhiteElo "1800"]
[BlackElo "1800"]
[PlyCount "24"]
[EventDate "2010.??.??"]
[EventType "tourn (corr)"]
[EventRounds "5"]
[SourceTitle "Corr 2013"]
[Source "ChessBase"]
[SourceDate "2012.11.12"]
[SourceVersion "1"]
[SourceVersionDate "2012.11.12"]
[SourceQuality "1"]

1. d4 e5 2. dxe5 Nc6 3. Nf3 Qe7 4. e3 Nxe5 5. Bd2 Nf6 6. Nc3 d5 7. Qe2 Bd7 8. 0-0-0 0-0-0 9. Nb5 Nc4 10. a4 a6 11. Nc3 Qb4 12. Na2 Qxb2# 0-1

[Event "FICGS class C 000155 email"]
[Site "FICGS email"]
[Date "2010.08.22"]
[Round "1"]
[White "Vale, Paulo Alfonso da Co"]
[Black "Von Buttlar, Paul"]
[Result "1-0"]
[WhiteElo "1800"]
[BlackElo "1727"]
[PlyCount "73"]
[EventDate "2010.??.??"]
[EventType "tourn (corr)"]
[EventRounds "5"]
[SourceTitle "Corr 2013"]
[Source "ChessBase"]
[SourceDate "2012.11.12"]
[SourceVersion "1"]
[SourceVersionDate "2012.11.12"]
[SourceQuality "1"]

1. Nh3 d5 2. g3 e5 3. f4 e4 4. Bg2 Bc5 5. c4 c6 6. Qc2 Na6 7. a3 Nf6 8. b4 Bd4 9. Nc3 0-0 10. e3 Bb6 11. Nf2 Re8 12. Bb2 Bf5 13. c5 Bc7 14. Ne2 h6 15. 0-0 Qd7 16. b5 cxb5 17. a4 b4 18. c6 Qxc6 19. Qb3 Be6 20. Bxf6 gxf6 21. Nd4 Qd6 22. f5 Bd7 23. Nb5 Bxb5 24. axb5 Nb8 25. d3 exd3 26. Qxd3 Nd7 27. Bxd5 Rab8 28. Rad1 Ne5 29. Qe2 Qb6 30. Rfe1 a5 31. bxa6 bxa6 32. Qh5 Kg7 33. Ng4 Nxg4 34. Qxg4+ Kf8 35. Qh5 Re7 36. Qxh6+ Ke8 37. Bc6+ 1-0

[Event "FICGS rapid B 000158 email"]
[Site "FICGS email"]
[Date "2010.08.21"]
[Round "1"]
[White "Germanes, Ramil"]
[Black "Vale, Paulo Alfonso da Co"]
[Result "1/2-1/2"]
[WhiteElo "1800"]
[BlackElo "1800"]
[PlyCount "97"]
[EventDate "2010.??.??"]
[EventType "tourn (rapid)"]
[EventRounds "5"]
[SourceTitle "Corr 2013"]
[Source "ChessBase"]
[SourceDate "2012.11.12"]
[SourceVersion "1"]
[SourceVersionDate "2012.11.12"]
[SourceQuality "1"]

1. e4 f5 2. exf5 Nf6 3. d4 d5 4. Bd3 c5 5. c3 c4 6. Bc2 e6 7. fxe6 Bd6 8. Qe2 Qe7 9. Nf3 Nc6 10. 0-0 0-0 11. Re1 Re8 12. b3 Bxe6 13. bxc4 dxc4 14. Bg5 Bd5 15. Qxe7 Bxe7 16. Nbd2 b5 17. Ne5 Nd7 18. Bxe7 Ncxe5 19. a4 Rxe7 20. dxe5 bxa4 21. Rxa4 Rxe5 22. Rxe5 Nxe5 23. Ra5 Rd8 24. Nf1 Nc6 25. Rc5 Ne7 26. Rc7 Kf8 27. Rxa7 Be6 28. Ra4 Rb8 29. Ne3 g6 30. f3 Rb2 31. Rb4 Ra2 32. Be4 Ra3 33. Nxc4 Rxc3 34. Ne5 Kg7 35. Rb7 Kf6 36. Nd7+ Kf7 37. g4 h5 38. Kf2 Bxd7 39. Rxd7 hxg4 40. fxg4 Rh3 41. Kg2 Re3 42. Bd5+ Ke8 43. Rd6 g5 44. Re6 Rxe6 45. Bxe6 Nc6 46. Bf5 Ne5 47. Kf2 Nxg4+ 48. Bxg4 Kf8 49. Ke3 1/2-1/2